000 00585nam a2200241Ia 4500
003 OSt
005 20220924133522.0
006 a|||||r|||| 00| 0
007 ta
008 220923b |||||||| |||| 00| 0 guj d
024 _a266471
037 _cTextual
040 _aARTS
_cARTS
_bguj
041 _2guj
_aguj
082 _aO156,6:g, L9
100 _aValand Narottam
_9206696
245 0 _aSaurabh
260 _c1979
300 _a212p.
_ccm.
650 _aGUJRATI LITERATURE
942 _hO156,6:g, L9
_cTEXL
_2CC
999 _c434141
_d434141